All Nintendo consoles - Statistics

General Stats
  • This quiz has been taken 78 times
  • The average score is 7 of 8
Answer Stats
Release year Consoles % Correct
2006 Wii
97%
2017 Switch
95%
2012 WiiU
94%
2001 Gamecube
86%
1983 NES
86%
2025 Switch 2
86%
1990 SNES
74%
1996 N64
71%
No matching quizzes found
Score Distribution
Percent of People with Each Score
Percentile by Number Answered
Your Score History
You have not taken this quiz